Podej prst / (Záznam č. 34170)

Podrobnosti MARC
000 -Návěští
Řídící pole kódované 24B 01845nam a2200337 i 4500
001 - Kontrolní číslo
Řídící pole proměnné nkc20253718675
003 - Identifikátor kontrolního čísla
Řídící pole proměnné CZ PrSKC
005 - Datum posledního zpracování
Řídící pole 16B 20260415092720.0
007 - Pole pevné délky pro fyzický popis
Řídící pole kódované ta
008 - Údaje pevné délky
Řídící pole kódované 40B 251105s2025 xr g 000 f cze
020 ## - ISBN
ISBN 9788027613212
040 ## - Zdroj katalogizace-agentura
Agentura původní katalogizace ABG001
Jazyk katalogizace cze
Použitá pravidla popisu rda
041 1# - Kód jazyka
Kód jazyka textu/zvuku, mezititulků cze
Kód jazyka originálu slo
072 #7 - Kód předmětové kategorie - Konspekt
Předmětová kategorie 821.162.4
Zpřesnění předmětové kategorie Slovenská literatura
Zdroj předmětové klasifikace Konspekt
080 ## - MDT
Klasifikační znak MDT 821.162.4-31
Idetifikátor vydání MDT MRF
080 ## - MDT
Klasifikační znak MDT (0:82-312.4)
Idetifikátor vydání MDT MRF
100 1# - Hlavní záhlaví - osobní jméno autora
Osobní jméno Dán, Dominik,
Datumy související se jménem 1955-
Kód role aut
9 (RLIN) 5041
240 10 - Unifikovaný název
Unifikovaný název <a href="Podaj prst.">Podaj prst.</a>
Jazyk díla Česky
245 10 - Údaje o názvu
Název Podej prst /
Údaj o odpovědností, atd. Dominik Dán
264 #1 - Nakladatelské údaje
Místo vydání Praha :
Nakladatel Slovart,
Rok vydání 2025
300 ## - Fyzický popis
Rozsah 294 stran ;
Rozměry 22 cm
500 ## - Všeobecná poznámka
Text obecné poznámky Ze slovenštiny přeložil Jan Hanzlík
520 2# - Anotace
Anotace, atd. Psychologicky laděná detektivka, v níž na scénu opět přicházejí detektivové z oddělení vražd a rozplétají další složitý případ.
Rozšířený text anotace Detektiv Oto Hanzel ukončil vánoční službu s nečekaným následkem - zamiloval se. A brzy nato se i oženil. Zatímco si užívá jako novomanžel, jeho kolegové z oddělení vražd řeší nový případ: mladý muž nalezený v nemocnici údajně po dopravní nehodě byl ve skutečnosti zastřelen zezadu zbraní malé ráže. A je to ještě horší - obětí je policista a člověk, který ho přivezl, hned zmizel. Vyšetřování se komplikuje: zavražděný zřejmě nebyl bez poskvrny a odhalení pravdy by mohlo otřást pověstí celého sboru. Detektivové z oddělení vražd musí jednat rychle, přestože jim chybí Hanzel i Kuky. Případ plný zvratů a nečekaných souvislostí se ale teprve rozjíždí... Nakladatelská anotace. Kráceno.
655 #7 - Rejstříkový termín - žánr/forma
Žánr/forma či základní termín slovenské romány
-- 1645
655 #7 - Rejstříkový termín - žánr/forma
Žánr/forma či základní termín detektivní romány
655 #9 - Rejstříkový termín - žánr/forma
Žánr/forma či základní termín Slovak fiction
-- 4365
655 #9 - Rejstříkový termín - žánr/forma
Žánr/forma či základní termín detective novels
700 1# - Vedlejší záhlaví - osobní jméno autora
Osobní jméno Hanzlík, Jan
Kód role trl
9 (RLIN) 5042
910 ## - Údaje o vlastníkovi jednotky (exempláře)
Sigla vlastníka jednotky ABG508
Jednotky
Stav ztráty Zdroj klasifikace pro skladování Stav poškození
  Universal Decimal Classification  

Používáme knihovní systém Koha